Personnages de The White Lotus par image - 1 - Statistiques

Statistiques générales
  • Ce quiz a été pris 18 fois
  • Le résultat moyen est 5 sur 12
Statistiques - réponses
Par images Réponse % Correct
Tanya McQuoid
88%
Belinda Lindsey
56%
Ethan Spiller
50%
Gaitok
44%
Lucia Greco
44%
Valentina
44%
Chloé
38%
Laurie Duffy
38%
Jack
25%
Olivia Mossbacher
19%
Rachel Patton
19%
Victoria Ratliff
19%
Aucun quiz correspondant
Distribution des résultats
% des personnes avec chaque résultat
Percentile par nombre de réponses
Votre historique - résultats
Vous n’avez pas pris ce quiz